000 00266nam a2200133Ia 4500
100 _aBainbridge/C.G
942 _cBK
654 _aWelding
245 _aWelding
260 _bTeach yourself Books
_aU.K.
_c1977
300 _a181
546 _aENGLISH
999 _c24351
_d24351